000 00443nam a2200181Ia 4500
001 11517
005 20260306162834.0
008 260306t2007||||xx |||||||||||||| ||spa||
041 _aESP
082 _a985.07
_bF96
100 _aFundación Augusto B. Leguía
_eAUT
245 0 _aLima 1919-1930:
_bLa Lima de Leguía
260 _c2007
300 _a269 páginas :
_c24 cm.
650 _aGEN
654 _aCHU
942 _cLIB
_dJUS
_fJUS
_2ddc
_n
999 _c11517
_d11517